000 00695nam a2200253Ia 4500
003 OSt
005 20220926015157.0
006 a|||||r|||| 00| 0
007 ta
008 220923b |||||||| |||| 00| 0 eng d
020 _a0195651022
037 _cGeneral Book
040 _aRTL
_cRTL
_beng
041 _2eng
_aeng
082 _aV2.P, N9
100 _aGYAN PRAKASH
245 0 _aAnother reason
_b Science and the imagination of modern India
260 _aNew York
_bOxford Univ. Press
_c1999
300 _axiii, 304p
_ccm.
500 _aBibliography: P277-293
650 _aSociology
942 _hV2.P, N9
_cGB
_2CC
999 _c630705
_d630705